000 01095nmm a2200301 i 4500
001 bg
245 0 0 _aZiemia z nieba
_h[Film] :
_bmorze potrzebuje nas, a my morza.
_nCz. 1-2 /
_crealiz. Patric Becker.
260 _aŁódź :
_bWytwórnia Pomocy Dydaktycznych,
_c[2010?]
300 _a1 płyta wiz. (DVD) (106 min) :
_bdźw., kolor. ;
_c12 cm.
490 1 _aWideoteka Edukacyjna ;
_v1039
500 _aTyt. z etykiety na dysku.
500 _aPojemnik : 20x14x2 cm.
500 _aFilm przyrodniczy.
504 _aNarracja w jęz. fr., lektor w jęz. pol.
650 4 _aOchrona środowiska
650 4 _aMorze
_xochrona
650 4 _aFilm edukacyjny
700 1 _aBecker, Patric.
_eRealiz.
830 0 _aWideoteka Edukacyjna ;
_v1039
040 _cBPK
041 1 _apol
_hfre
044 _aFRA
080 _a502/504(26)
080 _a(086.82)
942 _cDVD
008 110224s2010 pl d |000 0 pol
999 _c41244
_d41244
856 _uhttp://koha.tu.koszalin.pl/cgi-bin/koha/opac-detail.pl?biblionumber=41244
_yKatalog online BPK